| 000 | 00626nam a2200241Ia 4500 | ||
|---|---|---|---|
| 003 | OSt | ||
| 005 | 20221007071512.0 | ||
| 006 | a|||||r|||| 00| 0 | ||
| 007 | ta | ||
| 008 | 221006b |||||||| |||| 00| 0 eng d | ||
| 024 | _a24,969 | ||
| 037 | _cTextual | ||
| 040 |
_aFLL _cFLL _beng |
||
| 041 |
_2eng _aeng |
||
| 082 | _aZ3:21:3, L6 | ||
| 100 |
_aBarnes Michael _9688898 |
||
| 245 | 0 | _aLaw of landlord and tenant | |
| 250 | _a16th | ||
| 260 |
_aLondon _bButterworths UK _c1976 |
||
| 300 |
_acclxvi,2040,100p _ccm. |
||
| 942 |
_hZ3:21:3, L6 _cTEXL _2CC |
||
| 999 |
_c1143541 _d1143541 |
||